000 00533nam a2200157Ia 4500
008 220805s9999 xx 000 0 und d
020 _a978-81-943491-4-3
041 _amar
082 _a363.794 8
100 _aदेऊळगावकर, अतुल
_989160
260 _aPune
_bमनोविकास प्रकाशन
_c2019
245 _aग्रेटाची हाक तुम्हाला ऐकू येतेय ना
250 _a1
300 _a205
650 _aEnvironmental problem and services
_989161
999 _c49066
_d49066